A halászat történetéhez
Elmentve itt :
| Szerző: | |
|---|---|
| Dokumentumtípus: | Cikk |
| Megjelent: |
1895
|
| Sorozat: | Magyar gazdaságtörténelmi szemle
2 |
| Kulcsszavak: | Közgazdaságtudomány, Gazdaságtörténet |
| Online Access: | http://misc.bibl.u-szeged.hu/70 |
| LEADER | 00565nab a2200169 i 4500 | ||
|---|---|---|---|
| 001 | misc70 | ||
| 005 | 20191106144300.0 | ||
| 008 | 170607s1895 hu o 0|| hun d | ||
| 040 | |a SZTE Miscellanea Repozitórium |b hun | ||
| 041 | |a hun | ||
| 100 | 1 | |a I. J. | |
| 245 | 1 | 2 | |a A halászat történetéhez |h [elektronikus dokumentum] / |c I. J. |
| 260 | |c 1895 | ||
| 300 | |a 74-77 | ||
| 490 | 0 | |a Magyar gazdaságtörténelmi szemle |v 2 | |
| 695 | |a Közgazdaságtudomány, Gazdaságtörténet | ||
| 856 | 4 | 0 | |u http://misc.bibl.u-szeged.hu/70/1/gazd_tort_szeml_1895_074-077.pdf |z Dokumentum-elérés |